000 00236 a2200097 4500
001 51484
100 _aCasimar H
245 _aHaphazard Reality Half a Century of Science
260 _aNew York
_bHarper & Row
_c
090 _c32608
_d32608
942 _aNUST-CAE
_cM
_c25123
999 _c286557
_d286557